000 00909cam a2200265u 4500
001 23564
003 BD-RjUL
005 20211209000938.0
008 140311s1946 enkf 000 0 eng
035 _a(BD-RjUL)23629
040 _aDLC
_cCarP
_dDLC
_dBD-RjUL
_beng
041 _aeng
082 _a915.91
_bBRO
100 1 _aBradley, Neville.
_972536
245 1 4 _aThe old Burma road :
_ba journey on foot and muleback from the diary,notes and reminiscences /
_cNeville,Bradley
260 _aLondon ;
_aToronto :
_bW. Heinemann ltd,
_c1946.
300 _aviii, [1], 138 p. :
_bfront., plates. ;
_c22 cm.
650 0 _aPhysicians
_vCorrespondence.
_972537
651 0 _aYunnan Sheng (China)
_xDescription and travel.
_972538
651 0 _aBurma Road (China and Burma)
_972539
700 1 _aErskine-Crum, Violet Mary (Forbes)
_cLady.
_972540
942 _2ddc
_cBK
999 _c23564
_d23564